000 00527nam a2200169Ia 4500
008 090711s9999 xx 000 0 und d
082 _b60542
100 _aकिणीकर रॉय
245 _aदर्यावर्दी कोलंबस
260 _c1988
300 _a157
600 _aकिणीकर रॉय
630 _aदर्यावर्दी कोलंबस
700 _aकिणीकर रॉय
730 _aदर्यावर्दी कोलंबस
942 _cBOOK
999 _c291071
_d291071